000 00689nac a22001811u 4500
020 _a0582251680 :
082 _a621
_bJ762
090 _c4521
_d4521
100 _aJones, G. D.
245 _aMechanical engineering science./
_cG. D. Jones
260 _aLondon:
_bLongman Scientific & Technical, 1989.
_c1989
300 _a298p.:
_bill.;
_c23 cm.
504 _aIncludes index
650 _aMechanical engineering
942 _cBB
_k621J762
999 _c4521
_d4521